[Event "Ho Chi Minh City HD Bank op 7th"]
[Site "Ho Chi Minh City"]
[Date "2017.03.15"]
[Round "6"]
[White "Garcia, Jan Emmanuel"]
[Black "Diu, Viacheslav"]
[Result "0-1"]
[WhiteElo "2444"]
[BlackElo "2421"]
[PlyCount "48"]
[EventDate "2017.03.12"]
[EventType "swiss"]
[EventRounds "9"]
[EventCountry "VIE"]
[SourceTitle "CBM 177 Extra"]
[Source "ChessBase"]
[SourceDate "2017.04.27"]
[SourceVersion "1"]
[SourceVersionDate "2017.04.27"]
[SourceQuality "1"]

1. c4 e6 2. Nc3 d5 3. d4 c6 4. Nf3 Nf6 5. Bg5 h6 6. Bxf6 Qxf6 7. e3 Nd7 8. Rc1 Bd6 9. Bd3 0-0 10. 0-0 Qe7 11. c5 Bc7 12. e4 dxe4 13. Nxe4 e5 14. Nd6 exd4 15. Re1 Qd8 16. Bf5 Bxd6 17. cxd6 Qf6 18. Bxd7 Bxd7 19. Rc4 Be6 20. Rxd4 Bd5 21. Re7 b6 22. Ne5 Rad8 23. Qe1 Rxd6 24. Nd7 Rxd7 0-1

[Event "Ho Chi Minh City HD Bank op 7th"]
[Site "Ho Chi Minh City"]
[Date "2017.03.14"]
[Round "5"]
[White "Diu, Viacheslav"]
[Black "Mareco, Sandro"]
[Result "1/2-1/2"]
[WhiteElo "2421"]
[BlackElo "2664"]
[PlyCount "127"]
[EventDate "2017.03.12"]
[EventType "swiss"]
[EventRounds "9"]
[EventCountry "VIE"]
[SourceTitle "CBM 177 Extra"]
[Source "ChessBase"]
[SourceDate "2017.04.27"]
[SourceVersion "1"]
[SourceVersionDate "2017.04.27"]
[SourceQuality "1"]

1. e4 c5 2. Nf3 e6 3. d4 cxd4 4. Nxd4 a6 5. Bd3 Bc5 6. Nb3 Be7 7. Qg4 g6 8. 0-0 d6 9. Qe2 Nc6 10. Be3 Nf6 11. Bh6 Ne5 12. h3 Bf8 13. Bxf8 Kxf8 14. f4 Nxd3 15. cxd3 Kg7 16. Nc3 b6 17. e5 Ne8 18. d4 dxe5 19. dxe5 Qe7 20. Rfd1 Bb7 21. Qe3 Nc7 22. Qxb6 Nd5 23. Nxd5 Bxd5 24. Qf2 Rhc8 25. Nd4 Qb7 26. b3 Rc7 27. Rac1 Rac8 28. Rxc7 Rxc7 29. Kh2 h6 30. Rd2 Kh7 31. Nc2 Be4 32. Ne3 Bf5 33. Rd8 Rd7 34. Rxd7 Qxd7 35. Nc4 g5 36. fxg5 hxg5 37. Nd6 Kg7 38. g4 Bg6 39. Qf6+ Kh7 40. Qxg5 Qc6 41. Qf4 Qc2+ 42. Kg3 Kg8 43. h4 Qc3+ 44. Kh2 Qc2+ 45. Kg3 Qc3+ 46. Kh2 Qc2+ 47. Kh3 Qd3+ 48. Qg3 Qf1+ 49. Qg2 Qe1 50. h5 Bd3 51. Qg3 Qh1+ 52. Qh2 Qe1 53. Qg3 Qh1+ 54. Qh2 Qe1 55. Qf4 Bf1+ 56. Kh2 Qe2+ 57. Kg3 Qe1+ 58. Kh2 Qe2+ 59. Kg3 Qe1+ 60. Qf2 Qxe5+ 61. Qf4 Qe1+ 62. Qf2 Qe5+ 63. Qf4 Qe1+ 64. Qf2 1/2-1/2

[Event "Ho Chi Minh City HD Bank op 7th"]
[Site "Ho Chi Minh City"]
[Date "2017.03.14"]
[Round "4"]
[White "Vo Dai Hoai, Duc"]
[Black "Diu, Viacheslav"]
[Result "1/2-1/2"]
[WhiteElo "2205"]
[BlackElo "2421"]
[PlyCount "120"]
[EventDate "2017.03.12"]
[EventType "swiss"]
[EventRounds "9"]
[EventCountry "VIE"]
[SourceTitle "CBM 177 Extra"]
[Source "ChessBase"]
[SourceDate "2017.04.27"]
[SourceVersion "1"]
[SourceVersionDate "2017.04.27"]
[SourceQuality "1"]

1. d4 d5 2. c4 e6 3. Nc3 c6 4. e3 Bd6 5. Bd3 f5 6. f4 Nf6 7. Nf3 0-0 8. 0-0 Ne4 9. Bd2 Nd7 10. Rb1 Ndf6 11. Be1 Kh8 12. Qe2 Bd7 13. Bh4 Be8 14. Bxe4 dxe4 15. Ne5 Qc7 16. Rfc1 Bh5 17. Qe1 h6 18. b4 Rg8 19. Bg3 Kh7 20. Rb2 Raf8 21. b5 Ba3 22. Rbc2 Bxc1 23. Qxc1 c5 24. d5 exd5 25. Nxd5 Nxd5 26. cxd5 b6 27. Rd2 Rd8 28. Nc4 Bf7 29. d6 Qb8 30. Ne5 Rxd6 31. Nxf7 Rxd2 32. Qxd2 Qb7 33. Ne5 Qe7 34. Nc6 Qe6 35. Qc2 a6 36. a4 axb5 37. axb5 Ra8 38. h3 Qa2 39. Qxa2 Rxa2 40. Ne7 g6 41. Nd5 Rb2 42. Nxb6 Rxb5 43. Nd5 Rb3 44. Be1 Rd3 45. Nb6 Rxe3 46. Kf2 Rd3 47. Ke2 Kg8 48. Na4 Rd5 49. Bf2 Kf7 50. Bxc5 g5 51. Be3 Kg6 52. g3 Rb5 53. Nc3 Rb2+ 54. Bd2 gxf4 55. gxf4 Kh5 56. Nd1 Rb5 57. Be1 Kg6 58. Ne3 Rb2+ 59. Bd2 Rb1 60. Be1 Rb2+ 1/2-1/2

[Event "Ho Chi Minh City HD Bank op 7th"]
[Site "Ho Chi Minh City"]
[Date "2017.03.13"]
[Round "3"]
[White "Tran, Tuan Minh"]
[Black "Diu, Viacheslav"]
[Result "1-0"]
[WhiteElo "2503"]
[BlackElo "2421"]
[PlyCount "71"]
[EventDate "2017.03.12"]
[EventType "swiss"]
[EventRounds "9"]
[EventCountry "VIE"]
[SourceTitle "CBM 177 Extra"]
[Source "ChessBase"]
[SourceDate "2017.04.27"]
[SourceVersion "1"]
[SourceVersionDate "2017.04.27"]
[SourceQuality "1"]

1. d4 Nf6 2. c4 e6 3. Nc3 Bb4 4. e3 0-0 5. Nge2 d5 6. a3 Bd6 7. c5 Be7 8. Ng3 b6 9. b4 c6 10. Be2 Nbd7 11. 0-0 a5 12. Bd2 Ba6 13. f4 Qc7 14. Qc2 Bxe2 15. Ngxe2 Qb7 16. Rab1 axb4 17. axb4 Qa6 18. Nc1 Qc4 19. Nd3 Ra3 20. Rfc1 Rc8 21. Nf2 g6 22. g4 Bd8 23. g5 Ne8 24. Qb2 Qa6 25. b5 cxb5 26. Qxb5 Qxb5 27. Nxb5 Ra2 28. Bb4 bxc5 29. dxc5 Ra6 30. Nd3 Ng7 31. Ra1 Rxa1 32. Rxa1 Nf5 33. Ra7 Nb8 34. Ra8 Be7 35. c6 Bxb4 36. c7 1-0

[Event "Ho Chi Minh City HD Bank op 7th"]
[Site "Ho Chi Minh City"]
[Date "2017.03.12"]
[Round "2"]
[White "Diu, Viacheslav"]
[Black "Wei, Yi"]
[Result "1-0"]
[WhiteElo "2421"]
[BlackElo "2725"]
[PlyCount "37"]
[EventDate "2017.03.12"]
[EventType "swiss"]
[EventRounds "9"]
[EventCountry "VIE"]
[SourceTitle "CBM 177 Extra"]
[Source "ChessBase"]
[SourceDate "2017.04.27"]
[SourceVersion "1"]
[SourceVersionDate "2017.04.27"]
[SourceQuality "1"]

1. d4 Nf6 2. c4 e6 3. Nf3 d5 4. Nc3 c6 5. Bg5 h6 6. Bh4 dxc4 7. e4 g5 8. Bg3 b5 9. Be2 Bb7 10. 0-0 a6 11. Ne5 b4 12. Na4 h5 13. f4 h4 14. fxg5 Nxe4 15. Bf4 Bg7 16. Bxc4 0-0 17. g6 fxg6 18. Bxe6+ Kh7 19. Qg4 1-0

[Event "Ho Chi Minh City HD Bank op-A 6th"]
[Site "Ho Chi Minh City"]
[Date "2016.03.12"]
[Round "7"]
[White "Diu, Viacheslav"]
[Black "Bogdanovich, Stanislav"]
[Result "0-1"]
[WhiteElo "2427"]
[BlackElo "2590"]
[PlyCount "102"]
[EventDate "2016.03.08"]
[EventType "swiss"]
[EventRounds "9"]
[EventCountry "VIE"]
[SourceTitle "CBM 171 Extra"]
[Source "ChessBase"]
[SourceDate "2016.04.26"]
[SourceVersion "1"]
[SourceVersionDate "2016.04.26"]
[SourceQuality "1"]

1. d4 Nf6 2. c4 e6 3. Nf3 b6 4. Nc3 Bb7 5. a3 d5 6. cxd5 Nxd5 7. e3 Nxc3 8. bxc3 Nd7 9. Bd3 Bd6 10. e4 e5 11. Bg5 f6 12. Be3 Qe7 13. Qc2 0-0 14. 0-0 Kh8 15. Rae1 Bxa3 16. Nh4 g6 17. Bh6 Rfe8 18. f4 Bd6 19. Re3 Rg8 20. Rh3 Qe8 21. fxe5 fxe5 22. Bc4 exd4 23. Rf7 Bxe4 24. Rxh7+ Kxh7 25. Nf3 Bf5 26. Qxf5 Qe1+ 27. Nxe1 gxf5 28. Bf8+ Kg6 29. Rh6+ Kg5 30. Nf3+ Kf4 31. Bxd6+ cxd6 32. Bxg8 Rxg8 33. Rxd6 Nc5 34. Rxd4+ Ne4 35. Nh4 Ke5 36. Rd7 a5 37. Rb7 Ra8 38. Rxb6 Nxc3 39. Nf3+ Kd5 40. Nd2 a4 41. Rf6 Ne2+ 42. Kf2 Nd4 43. Nb1 a3 44. Nxa3 Rxa3 45. h3 Ke5 46. Rf8 Ra2+ 47. Kf1 Kf4 48. Rf7 Ne2 49. g4 Ng3+ 50. Ke1 Ke3 51. Re7+ Ne4 0-1

[Event "Ho Chi Minh City HD Bank op-A 6th"]
[Site "Ho Chi Minh City"]
[Date "2016.03.11"]
[Round "6"]
[White "Pham, Chuong"]
[Black "Diu, Viacheslav"]
[Result "1/2-1/2"]
[WhiteElo "2357"]
[BlackElo "2427"]
[PlyCount "112"]
[EventDate "2016.03.08"]
[EventType "swiss"]
[EventRounds "9"]
[EventCountry "VIE"]
[SourceTitle "CBM 171 Extra"]
[Source "ChessBase"]
[SourceDate "2016.04.26"]
[SourceVersion "1"]
[SourceVersionDate "2016.04.26"]
[SourceQuality "1"]

1. d4 Nf6 2. c4 e6 3. Nf3 d5 4. g3 dxc4 5. Bg2 Nc6 6. Qa4 Bb4+ 7. Bd2 Nd5 8. Bxb4 Ndxb4 9. Na3 0-0 10. Qb5 Qd5 11. 0-0 Qxb5 12. Nxb5 a6 13. Nxc7 Ra7 14. a3 b6 15. Nxe6 Bxe6 16. axb4 Nxb4 17. Ne5 Rd8 18. Rfd1 f6 19. Nc6 Nxc6 20. Bxc6 Bd5 21. Bxd5+ Rxd5 22. e4 Rb5 23. Rd2 Kf7 24. Ra4 f5 25. f3 Rb3 26. Rxc4 Rxf3 27. e5 Re3 28. Rc6 Rd7 29. Rxb6 Rxe5 30. Rxa6 Rb5 31. Kf2 Rdb7 32. Ra2 Ke6 33. Ke3 Rb3+ 34. Ke2 g5 35. Kd1 f4 36. gxf4 gxf4 37. Ke2 f3+ 38. Kf2 Kd5 39. Ra5+ Ke4 40. Rh5 Rxb2 41. Rh4+ Kd5 42. Rxb2 Rxb2+ 43. Kxf3 Rb3+ 44. Kf4 Kxd4 45. Rxh7 Kd5 46. Re7 Rh3 47. Re2 Rh8 48. Kg4 Rg8+ 49. Kf5 Rf8+ 50. Kg5 Rg8+ 51. Kf6 Rh8 52. Kg7 Rh3 53. Kg6 Rh8 54. Kf6 Kd4 55. Kf5 Rf8+ 56. Kg5 Rg8+ 1/2-1/2

[Event "Ho Chi Minh City HD Bank op-A 6th"]
[Site "Ho Chi Minh City"]
[Date "2016.03.08"]
[Round "2"]
[White "Le, Huu Thai"]
[Black "Diu, Viacheslav"]
[Result "0-1"]
[WhiteElo "2106"]
[BlackElo "2427"]
[PlyCount "68"]
[EventDate "2016.03.08"]
[EventType "swiss"]
[EventRounds "9"]
[EventCountry "VIE"]
[SourceTitle "CBM 171 Extra"]
[Source "ChessBase"]
[SourceDate "2016.04.26"]
[SourceVersion "1"]
[SourceVersionDate "2016.04.26"]
[SourceQuality "1"]

1. d4 Nf6 2. c4 e6 3. Nc3 Bb4 4. Qc2 0-0 5. Nf3 c5 6. a3 Bxc3+ 7. bxc3 Nc6 8. Bf4 d5 9. e3 cxd4 10. cxd4 Bd7 11. c5 Ne4 12. Bd3 Qa5+ 13. Ke2 b6 14. Rhc1 bxc5 15. Bxe4 dxe4 16. Qxe4 cxd4 17. exd4 Ne7 18. Kf1 Bc6 19. Qe5 Qa6+ 20. Kg1 Bxf3 21. gxf3 Nd5 22. Bg3 Rfd8 23. Rc5 Rd7 24. f4 Ne7 25. f5 Nxf5 26. d5 Rad8 27. Re1 Rd6 28. Rec1 Nxg3 29. hxg3 exd5 30. Rc7 Re6 31. Qxd5 Rde8 32. Kg2 Qxa3 33. Qd7 Rf8 34. Rxa7 Qxc1 0-1

[Event "Ho Chi Minh City HD Bank op 5th"]
[Site "Ho Chi Minh City"]
[Date "2015.03.18"]
[Round "3"]
[White "Diu, Viacheslav"]
[Black "Tran, Quoc Dung"]
[Result "1/2-1/2"]
[WhiteElo "2457"]
[BlackElo "2288"]
[PlyCount "54"]
[EventDate "2015.03.17"]
[EventType "swiss"]
[EventRounds "9"]
[EventCountry "VIE"]
[SourceTitle "CBM 165 Extra"]
[Source "ChessBase"]
[SourceDate "2015.04.21"]
[SourceVersion "1"]
[SourceVersionDate "2015.04.21"]
[SourceQuality "1"]

1. d4 d5 2. c4 c6 3. Nf3 Nf6 4. Nc3 e6 5. e3 Nbd7 6. Bd3 Bd6 7. e4 dxe4 8. Nxe4 Nxe4 9. Bxe4 Bb4+ 10. Bd2 Qa5 11. a3 Bxd2+ 12. Qxd2 Qxd2+ 13. Kxd2 0-0 14. Rad1 Nf6 15. Bc2 b6 16. Ne5 Bb7 17. Kc3 Rac8 18. b4 Rfd8 19. Rd2 b5 20. c5 a5 21. Re1 Ra8 22. Bb3 axb4+ 23. axb4 Ra3 24. Kb2 Rda8 25. Rdd1 Nd5 26. Nd3 Kf8 27. f4 Bc8 1/2-1/2

[Event "RUS-ch Higher League 67th"]
[Site "Vladivostok"]
[Date "2014.06.11"]
[Round "7"]
[White "Diu, Viacheslav"]
[Black "Nechaev, Oleg"]
[Result "0-1"]
[WhiteElo "2468"]
[BlackElo "2331"]
[PlyCount "76"]
[EventDate "2014.06.04"]
[EventType "swiss"]
[EventRounds "9"]
[EventCountry "RUS"]
[SourceTitle "CBM 161"]
[Source "ChessBase"]
[SourceDate "2014.07.16"]
[SourceVersion "1"]
[SourceVersionDate "2014.07.16"]
[SourceQuality "1"]

1. d4 Nf6 2. c4 c5 3. d5 b5 4. cxb5 a6 5. bxa6 g6 6. Nc3 Bg7 7. e4 0-0 8. Nf3 Qa5 9. Bd2 Bxa6 10. Bxa6 Qxa6 11. Qe2 d6 12. Rb1 Nbd7 13. Qxa6 Rxa6 14. 0-0 Rb8 15. b3 Ne8 16. a4 Nc7 17. Ne2 f5 18. exf5 Nxd5 19. fxg6 hxg6 20. Nf4 Nxf4 21. Bxf4 Rab6 22. Nd2 Bc3 23. Rfc1 Bxd2 24. Bxd2 Rxb3 25. Ra1 d5 26. Kf1 e5 27. a5 Kf7 28. Ke2 c4 29. a6 Ra8 30. Ra5 Ke6 31. f4 Rb2 32. fxe5 Nxe5 33. a7 Nc6 34. Ra6 Kd7 35. Ke3 Rxa7 36. Rxa7+ Nxa7 37. Bc3 Rxg2 38. Kd4 Kc6 0-1

[Event "RUS-ch Higher League 67th"]
[Site "Vladivostok"]
[Date "2014.06.10"]
[Round "6"]
[White "Potkin, Vladimir"]
[Black "Diu, Viacheslav"]
[Result "1-0"]
[WhiteElo "2621"]
[BlackElo "2468"]
[PlyCount "49"]
[EventDate "2014.06.04"]
[EventType "swiss"]
[EventRounds "9"]
[EventCountry "RUS"]
[SourceTitle "CBM 161"]
[Source "ChessBase"]
[SourceDate "2014.07.16"]
[SourceVersion "1"]
[SourceVersionDate "2014.07.16"]
[SourceQuality "1"]

1. d4 Nf6 2. c4 g6 3. Nc3 Bg7 4. e4 d6 5. Nf3 0-0 6. h3 e5 7. d5 Na6 8. Bg5 h6 9. Be3 Nc5 10. Nd2 a5 11. g4 c6 12. Be2 a4 13. a3 Qa5 14. Qc2 Bd7 15. Rg1 cxd5 16. exd5 Nh7 17. 0-0-0 f5 18. gxf5 Bxf5 19. Nde4 Nxe4 20. Nxe4 b5 21. Bg4 Rac8 22. Bxf5 Rxc4 23. Be6+ Kh8 24. Nc3 e4 25. Rxg6 1-0

[Event "RUS-ch Higher League 67th"]
[Site "Vladivostok"]
[Date "2014.06.07"]
[Round "4"]
[White "Zhurikhin, Alexander"]
[Black "Diu, Viacheslav"]
[Result "1/2-1/2"]
[WhiteElo "2333"]
[BlackElo "2468"]
[PlyCount "112"]
[EventDate "2014.06.04"]
[EventType "swiss"]
[EventRounds "9"]
[EventCountry "RUS"]
[SourceTitle "CBM 161"]
[Source "ChessBase"]
[SourceDate "2014.07.16"]
[SourceVersion "1"]
[SourceVersionDate "2014.07.16"]
[SourceQuality "1"]

1. e4 e5 2. Nf3 Nc6 3. Nc3 Nf6 4. d4 exd4 5. Nxd4 Bb4 6. Nxc6 bxc6 7. Bd3 d5 8. exd5 cxd5 9. 0-0 0-0 10. h3 Re8 11. Bf4 Bd6 12. Qd2 c5 13. Rfd1 Rb8 14. b3 Be6 15. Nb5 Bxf4 16. Qxf4 Re7 17. Nd6 Qc7 18. Qg3 g6 19. Qg5 Kg7 20. Nb5 Qc6 21. Nc3 d4 22. Ne4 Bf5 23. Nxf6 Qxf6 24. Qxf6+ Kxf6 25. Bxf5 Kxf5 26. Kf1 h5 27. Rd3 Rbe8 28. c3 Re2 29. cxd4 cxd4 30. Rxd4 Rb2 31. Rd5+ Kf6 32. Rd3 Ree2 33. Rf3+ Kg5 34. a4 f5 35. Rc1 h4 36. Kg1 a5 37. g3 Rec2 38. Rd1 Rd2 39. Re1 Re2 40. Rc1 Rec2 41. Rxc2 Rxc2 42. Kg2 Rb2 43. Rc3 Kh5 44. Kf3 Kg5 45. Rd3 Kh5 46. g4+ fxg4+ 47. hxg4+ Kh6 48. Rc3 g5 49. Kg2 Rb1 50. Rc6+ Kg7 51. Rc5 Kg6 52. Rb5 Kf6 53. Rf5+ Kg6 54. Rxa5 Rxb3 55. Rb5 Ra3 56. a5 Kf6 1/2-1/2

[Event "Ho Chi Minh City HD Bank op 4th"]
[Site "Ho Chi Minh City"]
[Date "2014.03.12"]
[Round "4"]
[White "Tran, Thanh Tu"]
[Black "Diu, Viacheslav"]
[Result "1/2-1/2"]
[WhiteElo "2277"]
[BlackElo "2474"]
[PlyCount "64"]
[EventDate "2014.03.10"]
[EventType "swiss"]
[EventRounds "9"]
[EventCountry "VIE"]
[SourceTitle "CBM 159 Extra"]
[Source "ChessBase"]
[SourceDate "2014.04.24"]
[SourceVersion "1"]
[SourceVersionDate "2014.04.24"]
[SourceQuality "1"]

1. e4 c6 2. d3 d5 3. Nd2 e5 4. Ngf3 Bd6 5. d4 exd4 6. exd5 Nf6 7. Nc4 Bb4+ 8. Bd2 Bxd2+ 9. Qxd2 cxd5 10. Nce5 0-0 11. Bb5 Ne4 12. Qb4 f6 13. Nd3 a6 14. Qa3 Bg4 15. Ba4 Nc6 16. Bxc6 bxc6 17. Nxd4 Qb6 18. Qa4 c5 19. Qc6 Qa5+ 20. b4 cxb4 21. Nb3 Qd8 22. Nxb4 Rc8 23. Qxd5+ Qxd5 24. Nxd5 Rxc2 25. 0-0 Bh5 26. f3 Nc3 27. Nb4 Rb2 28. Rf2 Rxf2 29. Kxf2 Bf7 30. Nxa6 Ra8 31. Nac5 Rxa2+ 32. Rxa2 Nxa2 1/2-1/2

[Event "Ho Chi Minh City HD Bank op 4th"]
[Site "Ho Chi Minh City"]
[Date "2014.03.11"]
[Round "3"]
[White "Diu, Viacheslav"]
[Black "Bersamina, Paulo"]
[Result "1-0"]
[WhiteElo "2474"]
[BlackElo "2326"]
[PlyCount "103"]
[EventDate "2014.03.10"]
[EventType "swiss"]
[EventRounds "9"]
[EventCountry "VIE"]
[SourceTitle "CBM 159 Extra"]
[Source "ChessBase"]
[SourceDate "2014.04.24"]
[SourceVersion "1"]
[SourceVersionDate "2014.04.24"]
[SourceQuality "1"]

1. e4 c5 2. Nf3 g6 3. d4 cxd4 4. Nxd4 Nc6 5. c4 Nf6 6. Nc3 d6 7. Be2 Nxd4 8. Qxd4 Bg7 9. Be3 0-0 10. Qd2 a5 11. Rd1 Be6 12. b3 a4 13. e5 Ng4 14. Bxg4 Bxg4 15. f3 Bf5 16. Nxa4 Bxe5 17. Bd4 Bxd4 18. Qxd4 Qa5+ 19. Qc3 Qa6 20. Qb4 Qa7 21. Ke2 Qb8 22. Rd2 Ra6 23. Nc3 Be6 24. Re1 Rc8 25. Kf1 Qa7 26. Nb5 Qb6 27. a4 Rc5 28. h3 Rg5 29. Qc3 Qc5 30. Nd4 d5 31. Qe3 Rh5 32. Nxe6 Qxe3 33. Rxe3 Rxe6 34. Rxe6 fxe6 35. cxd5 exd5 36. Rd4 b5 37. axb5 Rf5 38. b6 Rf6 39. Rb4 Rf8 40. Ke2 e5 41. Ke3 g5 42. g3 Rd8 43. b7 Rb8 44. f4 gxf4+ 45. gxf4 e4 46. Kd4 Kf7 47. Kxd5 e3 48. Kc6 Re8 49. Ra4 Re6+ 50. Kc7 Re7+ 51. Kb6 Re6+ 52. Kc5 1-0

[Event "Ho Chi Minh City HD Bank op 2nd"]
[Site "Ho Chi Minh City"]
[Date "2012.03.06"]
[Round "8"]
[White "Le, Hoang Tran Chau"]
[Black "Diu, Viacheslav"]
[Result "0-1"]
[WhiteElo "2093"]
[BlackElo "2486"]
[PlyCount "112"]
[EventDate "2012.03.02"]
[EventType "swiss"]
[EventRounds "9"]
[EventCountry "VIE"]
[SourceTitle "CBM 147 Extra"]
[Source "ChessBase"]
[SourceDate "2012.04.24"]
[SourceVersion "1"]
[SourceVersionDate "2012.04.24"]
[SourceQuality "1"]

1. d4 d5 2. Nf3 e6 3. c4 c6 4. cxd5 exd5 5. Nc3 Bf5 6. Bf4 Bd6 7. Bxd6 Qxd6 8. e3 Nd7 9. Bd3 Bxd3 10. Qxd3 Ngf6 11. Rc1 0-0 12. 0-0 Rfe8 13. Rfe1 Ne4 14. Nd2 Nxd2 15. Qxd2 Re6 16. e4 dxe4 17. Nxe4 Qf8 18. Nc5 Nxc5 19. dxc5 Rxe1+ 20. Qxe1 Re8 21. Qa5 Qe7 22. h3 Qe5 23. Qc3 h5 24. Qb4 Re7 25. Rd1 Kh7 26. Qd4 Qxd4 27. Rxd4 Re1+ 28. Kh2 Re2 29. Rb4 Re7 30. Kg3 Kg6 31. Kf4 Kf6 32. h4 Rd7 33. Ke3 Re7+ 34. Kf4 Rd7 35. Ke3 Re7+ 36. Kf4 a5 37. Rb3 Rd7 38. Ke4 Ke6 39. f3 f5+ 40. Kf4 Kf6 41. Ke3 g5 42. hxg5+ Kxg5 43. Ra3 f4+ 44. Ke2 Kh4 45. Rxa5 Kg3 46. Ra8 Kxg2 47. Rg8+ Kh2 48. Rf8 Rd5 49. Rxf4 Rxc5 50. Rb4 Rb5 51. Rxb5 cxb5 52. Kf2 b4 53. Ke3 Kg3 54. f4 Kg4 55. a3 bxa3 56. bxa3 b5 0-1

[Event "Ho Chi Minh City HD Bank op 2nd"]
[Site "Ho Chi Minh City"]
[Date "2012.03.02"]
[Round "1"]
[White "Ton That Nhu, Tung"]
[Black "Diu, Viacheslav"]
[Result "0-1"]
[WhiteElo "2177"]
[BlackElo "2486"]
[PlyCount "180"]
[EventDate "2012.03.02"]
[EventType "swiss"]
[EventRounds "9"]
[EventCountry "VIE"]
[SourceTitle "CBM 147 Extra"]
[Source "ChessBase"]
[SourceDate "2012.04.24"]
[SourceVersion "1"]
[SourceVersionDate "2012.04.24"]
[SourceQuality "1"]

1. d4 d5 2. c4 e6 3. Nc3 c6 4. e3 f5 5. f4 Nf6 6. Nf3 Bd6 7. Bd3 0-0 8. 0-0 Kh8 9. Bd2 b6 10. Be1 Ba6 11. Ne5 Bxe5 12. fxe5 Ng4 13. Qf3 Qg5 14. Bd2 Nd7 15. Be2 Bxc4 16. Bxc4 Ndxe5 17. dxe5 Nxe5 18. Qe2 Nxc4 19. Bc1 Qf6 20. Qc2 Rad8 21. b3 Ne5 22. Bb2 Qh6 23. Nd1 Ng4 24. h3 Nxe3 25. Nxe3 Qxe3+ 26. Kh1 c5 27. Rae1 Qh6 28. Qe2 Rde8 29. Be5 d4 30. Qb5 Qg6 31. b4 Rc8 32. Rc1 Qe8 33. Qa6 Qd7 34. Qd3 Qd5 35. Qg3 Rf7 36. Rfd1 Rcf8 37. Qf4 Kg8 38. bxc5 bxc5 39. Rd3 h6 40. h4 Rd8 41. Re1 Qxa2 42. Rg3 Rdd7 43. Qxh6 d3 44. Qe3 d2 45. Rd1 f4 46. Bxf4 Qa4 47. Rxd2 Rxd2 48. Qxd2 Qxf4 49. Qd8+ Rf8 50. Qd3 Qxh4+ 51. Rh3 Qe1+ 52. Kh2 Qe5+ 53. Kh1 Qf5 54. Qd7 a5 55. Rg3 Qf1+ 56. Kh2 Qf6 57. Qa7 c4 58. Qxa5 Qh4+ 59. Rh3 Qf4+ 60. Kh1 Qf5 61. Qc3 Rc8 62. Rf3 Qh5+ 63. Rh3 Qf5 64. Rf3 Qb1+ 65. Kh2 Rc5 66. Qe3 Rh5+ 67. Kg3 Qg6+ 68. Kf2 Rf5 69. Qd4 Rxf3+ 70. gxf3 Qc2+ 71. Ke3 c3 72. Qd8+ Kh7 73. Qh4+ Kg6 74. Qg3+ Kf7 75. Qf4+ Kg8 76. Qd6 Qf5 77. Qc6 c2 78. Qe8+ Kh7 79. Kd2 Qg5+ 80. Kxc2 Qg6+ 81. Qxg6+ Kxg6 82. Kd3 Kf5 83. Ke3 e5 84. Kf2 Kf4 85. Kg2 e4 86. fxe4 Kxe4 87. Kg3 Kf5 88. Kh4 Kf4 89. Kh3 g5 90. Kg2 Kg4 0-1

[Event "RUS-ch Higher League 64th"]
[Site "Taganrog"]
[Date "2011.06.17"]
[Round "3"]
[White "Diu, Viacheslav"]
[Black "Zakhartsov, Viacheslav V"]
[Result "1-0"]
[WhiteElo "2475"]
[BlackElo "2578"]
[PlyCount "51"]
[EventDate "2011.06.15"]
[EventType "swiss"]
[EventRounds "11"]
[EventCountry "RUS"]
[SourceTitle "CBM 143"]
[Source "ChessBase"]
[SourceDate "2011.07.15"]
[SourceVersion "1"]
[SourceVersionDate "2011.07.15"]
[SourceQuality "1"]

1. e4 c5 2. Nc3 e6 3. Nf3 a6 4. d4 cxd4 5. Nxd4 Qc7 6. Bd3 Nf6 7. 0-0 Bc5 8. Nb3 Be7 9. f4 d6 10. e5 dxe5 11. fxe5 Nfd7 12. Qg4 g6 13. Bf4 Nxe5 14. Qg3 Nbd7 15. Rae1 Qb6+ 16. Kh1 Nxd3 17. cxd3 Nf8 18. Be5 Rg8 19. Rxf7 Kxf7 20. Rf1+ Ke8 21. Qf3 Kd8 22. Qf7 Qc6 23. Qxg8 Qe8 24. Ne4 g5 25. Rf7 Ng6 26. Bc7+ 1-0

[Event "Seoul op"]
[Site "Seoul"]
[Date "2008.12.05"]
[Round "9"]
[White "Diu, Viacheslav"]
[Black "Petronic, Jovan"]
[Result "1-0"]
[WhiteElo "2453"]
[BlackElo "2405"]
[PlyCount "79"]
[EventDate "2008.12.01"]
[EventType "swiss"]
[EventRounds "9"]
[EventCountry "KOR"]
[SourceTitle "EXT 2010"]
[Source "ChessBase"]
[SourceDate "2010.11.25"]
[SourceVersion "1"]
[SourceVersionDate "2010.11.25"]
[SourceQuality "1"]

1. d4 Nf6 2. c4 a6 3. g3 e6 4. Bg2 c5 5. Nf3 b5 6. Ne5 Ra7 7. dxc5 Bxc5 8. Nd3 Bb6 9. c5 Bc7 10. e4 Bb7 11. Nc3 d6 12. cxd6 Bxd6 13. Be3 Ra8 14. Nc5 Bc6 15. 0-0 Qe7 16. b4 Nbd7 17. Nd5 Bxd5 18. exd5 e5 19. Ne6 g6 20. a4 Rb8 21. axb5 axb5 22. Ra6 e4 23. Bc5 Nxc5 24. bxc5 Be5 25. f4 Bc3 26. f5 g5 27. Qc2 Nxd5 28. Bxe4 fxe6 29. Rxe6 Bd4+ 30. Kh1 Qxe6 31. fxe6 Nf6 32. Qd3 Rd8 33. Qxb5+ Ke7 34. Qb7+ Kxe6 35. Bf5+ Ke5 36. Qe7+ Kd5 37. Be6+ Kc6 38. Rxf6 Bxf6 39. Qxf6 h6 40. Bg8+ 1-0

[Event "Seoul op"]
[Site "Seoul"]
[Date "2008.12.03"]
[Round "5"]
[White "Wang, Rui"]
[Black "Diu, Viacheslav"]
[Result "1/2-1/2"]
[WhiteElo "2420"]
[BlackElo "2453"]
[PlyCount "60"]
[EventDate "2008.12.01"]
[EventType "swiss"]
[EventRounds "9"]
[EventCountry "KOR"]
[SourceTitle "EXT 2010"]
[Source "ChessBase"]
[SourceDate "2010.11.25"]
[SourceVersion "1"]
[SourceVersionDate "2010.11.25"]
[SourceQuality "1"]

1. d4 Nf6 2. c4 g6 3. Nc3 Bg7 4. e4 d6 5. f3 0-0 6. Be3 e5 7. d5 Nh5 8. Qd2 f5 9. Bd3 Nd7 10. exf5 gxf5 11. Nge2 Nc5 12. 0-0 Nxd3 13. Qxd3 a6 14. a4 Qe8 15. f4 Qg6 16. Kh1 Kh8 17. Bd2 Bd7 18. Rae1 Rf7 19. Ng3 Rg8 20. Nxh5 Qxh5 21. Qe2 Qxe2 22. Rxe2 exf4 23. a5 Rb8 24. Bxf4 b6 25. axb6 Rxb6 26. h3 Rb3 27. Ra1 Bxc3 28. bxc3 Rxc3 29. Bh6 Rxc4 30. Rxa6 Ra4 1/2-1/2

[Event "Seoul op"]
[Site "Seoul"]
[Date "2008.12.01"]
[Round "2"]
[White "Diu, Viacheslav"]
[Black "Yang, Kaiqi"]
[Result "0-1"]
[WhiteElo "2453"]
[BlackElo "2429"]
[PlyCount "138"]
[EventDate "2008.12.01"]
[EventType "swiss"]
[EventRounds "9"]
[EventCountry "KOR"]
[SourceTitle "EXT 2010"]
[Source "ChessBase"]
[SourceDate "2010.11.25"]
[SourceVersion "1"]
[SourceVersionDate "2010.11.25"]
[SourceQuality "1"]

1. e4 c5 2. Nc3 a6 3. Nf3 d6 4. d4 cxd4 5. Nxd4 Nf6 6. Bg5 e6 7. f4 Nbd7 8. Qf3 h6 9. Bh4 e5 10. Nf5 exf4 11. Qxf4 g5 12. Nxd6+ Bxd6 13. Qxd6 gxh4 14. e5 Qe7 15. Qxe7+ Kxe7 16. exf6+ Nxf6 17. Be2 b5 18. Bf3 Rb8 19. 0-0-0 Be6 20. Rd4 h3 21. gxh3 Bxh3 22. Re1+ Be6 23. Ne2 Nh7 24. Nf4 Rhd8 25. Nxe6 fxe6 26. Rh4 Ng5 27. Bg2 Nf7 28. a4 Rd6 29. c3 Rg8 30. Re2 Rg5 31. Kc2 Kf6 32. Bh3 bxa4 33. Rxa4 Rh5 34. Rf2+ Ke7 35. Bf1 a5 36. Rc4 Rd7 37. Rc6 Re5 38. Ra6 Nd6 39. Re2 Rh5 40. h3 Rc7 41. Bg2 Rcc5 42. Kd3 Rhe5 43. Rxe5 Rxe5 44. c4 Rg5 45. Bc6 Rg3+ 46. Kd4 Rxh3 47. c5 Rh4+ 48. Kd3 Nc4 49. b3 Ne5+ 50. Kc3 Rh3+ 51. Kd4 Nxc6+ 52. Rxc6 Rxb3 53. Rc7+ Kf6 54. c6 e5+ 55. Kd5 Rd3+ 56. Kc5 e4 57. Rh7 Kg5 58. c7 e3 59. Kb6 Rc3 60. Kb7 h5 61. c8Q Rxc8 62. Kxc8 h4 63. Kd7 Kg4 64. Kc6 e2 65. Re7 Kf3 66. Kc5 h3 67. Rf7+ Ke3 68. Re7+ Kd2 69. Rd7+ Kc3 0-1